[Event "V Open A"]
[Site "Genova ITA"]
[Date "2001.08.12"]
[Round "9"]
[White "Dervishi, Erald"]
[Black "Corvi, Marco"]
[Result "1-0"]
[WhiteElo "2491"]
[BlackElo "2318"]
[PlyCount "71"]
[EventDate "2001.08.05"]

1. e4 c5 2. Nf3 e6 3. d4 cxd4 4. Nxd4 a6 5. Bd3 Qc7 6. Qe2 d6 7. c4 Nf6 8. O-O
Be7 9. Nc3 O-O 10. Be3 Nbd7 11. Rac1 b6 12. Rfd1 Bb7 13. f3 Rac8 14. Qf2 g6 15.
Bf1 Rfe8 16. Kh1 Qb8 17. a3 Bd8 18. Nc2 Bc7 19. Qh4 Bd8 20. Qf2 Bc7 21. Qg1 Nh5
22. b4 d5 23. exd5 exd5 24. Nxd5 Bxd5 25. cxd5 Bg3 26. Bxa6 Re5 27. Bxc8 Bxh2
28. Qxh2 Ng3+ 29. Qxg3 Rh5+ 30. Kg1 Qxg3 31. Bxd7 Qh2+ 32. Kf1 f5 33. Ke1 f4
34. Bd4 Kf8 35. Be6 Qh1+ 36. Ke2 1-0

[Event "V Open A"]
[Site "Genova ITA"]
[Date "2001.08.12"]
[Round "9"]
[White "Drei, Andrea"]
[Black "Pernigotti, Carlo"]
[Result "1/2-1/2"]
[WhiteElo "2269"]
[BlackElo "2156"]
[PlyCount "90"]
[EventDate "2001.08.05"]

1. e4 c5 2. Nf3 e6 3. c4 Nc6 4. Nc3 Nf6 5. Be2 d5 6. exd5 exd5 7. d4 Be6 8.
cxd5 Nxd5 9. O-O Be7 10. dxc5 Nxc3 11. bxc3 Bxc5 12. Qc2 h6 13. Rb1 Qc7 14. Qe4
O-O-O 15. Bf4 Bd6 16. Bxd6 Rxd6 17. Nd4 Nxd4 18. cxd4 Kb8 19. Rfc1 Bd5 20. Rxc7
Bxe4 21. Rbc1 Bd5 22. Bf3 Bxf3 23. gxf3 Rf8 24. Re7 Rxd4 25. Rcc7 Rb4 26. a3
Rb3 27. a4 a5 28. Kg2 Rb6 29. Rc5 Ra6 30. Rb5 Rg6+ 31. Kf1 b6 32. Rd5 Re6 33.
Rdd7 Rxe7 34. Rxe7 Rc8 35. Rxf7 Rc7 36. Rf4 Kb7 37. Ke2 Ka6 38. Kd3 b5 39.
axb5+ Kxb5 40. Rf8 Kb4 41. f4 a4 42. f5 Kb3 43. f6 Rd7+ 44. Ke4 gxf6 45. Rxf6
a3 1/2-1/2

[Event "V Open A"]
[Site "Genova ITA"]
[Date "2001.08.12"]
[Round "9"]
[White "Guido, Flavio"]
[Black "Popchev, Milko"]
[Result "1/2-1/2"]
[WhiteElo "2379"]
[BlackElo "2447"]
[PlyCount "40"]
[EventDate "2001.08.05"]

1. e4 g6 2. d4 Bg7 3. Nc3 c6 4. Nf3 b5 5. Bd3 d6 6. O-O Nd7 7. h3 Bb7 8. Be3 a6
9. a4 b4 10. Ne2 c5 11. c3 Ngf6 12. Ng3 Qa5 13. Qd2 bxc3 14. bxc3 O-O 15. Qb2
Rab8 16. Qa3 Rfc8 17. Rfc1 Nb6 18. dxc5 dxc5 19. Nd2 Nbd7 20. Bf4 e5 1/2-1/2

[Event "V Open A"]
[Site "Genova ITA"]
[Date "2001.08.12"]
[Round "9"]
[White "Peric, Slavisa"]
[Black "Ljubisavljevic, Zivojin Z."]
[Result "1/2-1/2"]
[WhiteElo "2281"]
[BlackElo "2249"]
[PlyCount "97"]
[EventDate "2001.08.05"]

1. d4 b5 2. e3 Bb7 3. Nf3 a6 4. c3 e6 5. Nbd2 f5 6. a4 b4 7. Bd3 Nf6 8. Qc2 c5
9. O-O Be7 10. dxc5 Bxc5 11. e4 bxc3 12. bxc3 g6 13. Ba3 Bxa3 14. Rxa3 O-O 15.
Rb1 Bxe4 16. Nxe4 fxe4 17. Bxe4 Nxe4 18. Qxe4 Nc6 19. c4 Qc7 20. g3 Rab8 21.
Rd1 Rb2 22. Qe3 Na5 23. Rc3 Qc6 24. Ne5 Qxa4 25. Rd2 Rxd2 26. Qxd2 Qa1+ 27. Kg2
d6 28. Ng4 Nb7 29. Qd4 e5 30. Qd5+ Kh8 31. Rb3 Nd8 32. Qxd6 Kg8 33. Nf6+ Kg7
34. Nxh7 Rxf2+ 35. Kxf2 Qa2+ 36. Kg1 Qxb3 37. Qxe5+ Kxh7 38. Qe7+ Kh6 39. Qxd8
Qxc4 40. h4 Qc3 41. Qg5+ Kh7 42. Qe7+ Qg7 43. Qxg7+ Kxg7 44. Kf2 Kf6 45. g4 a5
46. Ke3 Ke5 47. Kd3 Kf4 48. h5 gxh5 49. gxh5 1/2-1/2

[Event "V Open A"]
[Site "Genova ITA"]
[Date "2001.08.12"]
[Round "9"]
[White "Abd El Gawad, Shaban"]
[Black "Lanzani, Mario"]
[Result "0-1"]
[WhiteElo "2051"]
[BlackElo "2380"]
[PlyCount "48"]
[EventDate "2001.08.05"]

1. d4 e6 2. Nf3 c5 3. d5 exd5 4. Qxd5 Nf6 5. Qb3 d5 6. Bg5 Be7 7. e3 O-O 8. c4
Nc6 9. Bxf6 Bxf6 10. cxd5 Nb4 11. Nc3 Bf5 12. Rc1 Nd3+ 13. Bxd3 Bxd3 14. Nd2
Rc8 15. Nce4 c4 16. Nxf6+ Qxf6 17. Nxc4 Qf5 18. Kd2 Bxc4 19. Rxc4 Qxd5+ 20. Rd4
Qxg2 21. Re1 Qxf2+ 22. Re2 Qg1 23. h4 Rfd8 24. Qb4 Qc1+ 0-1

[Event "VII Open"]
[Site "Gioiosa Marea ITA"]
[Date "2001.07.??"]
[Round "?"]
[White "Ristic, Nenad"]
[Black "Indelicati, Giuseppe"]
[Result "0-1"]
[WhiteElo "2424"]
[BlackElo "2219"]
[PlyCount "62"]
[EventDate "2001.07.14"]

1. e4 e5 2. Nf3 Nc6 3. Bb5 a6 4. Bxc6 dxc6 5. O-O Bd6 6. d4 exd4 7. Qxd4 f6 8.
c4 c5 9. Qe3 Ne7 10. b4 cxb4 11. c5 Be5 12. Nxe5 fxe5 13. Qe2 O-O 14. Qc4+ Kh8
15. Qxb4 Nc6 16. Qb2 Qd3 17. Nd2 Nd4 18. a4 a5 19. Qb1 Qa6 20. Bb2 Ne2+ 21. Kh1
Qe6 22. Qa2 Qe7 23. Qc4 Nf4 24. Qc3 Qg5 25. Qg3 Qh5 26. Nf3 Ra6 27. Bxe5 Rg6
28. Qh4 Bh3 29. g4 Rxg4 30. Qxh5 Bg2+ 31. Kg1 Ne2# 0-1

[Event "VII Open"]
[Site "Gioiosa Marea ITA"]
[Date "2001.07.22"]
[Round "9"]
[White "Ristic, Nenad"]
[Black "Scerbo, Antonio"]
[Result "1-0"]
[WhiteElo "2424"]
[BlackElo "2098"]
[PlyCount "39"]
[EventDate "2001.07.14"]

1. e4 c5 2. Nf3 Nc6 3. Bb5 g6 4. Bxc6 dxc6 5. d3 Bg7 6. h3 e5 7. Be3 b6 8. Qd2
Be6 9. Nc3 Qd6 10. Ng5 Ne7 11. f4 f5 12. O-O-O O-O-O 13. g4 c4 14. gxf5 gxf5
15. fxe5 Bxe5 16. d4 Bg7 17. Rhg1 Bh6 18. Bf4 Qd7 19. Nxe6 Qxe6 20. Bxh6 1-0

[Event "Trofeo Intel Pentium"]
[Site "Milano ITA"]
[Date "2001.07.10"]
[Round "1"]
[White "Bellia, Fabrizio"]
[Black "Godena, Michele"]
[Result "1/2-1/2"]
[WhiteElo "2401"]
[BlackElo "2491"]
[PlyCount "30"]
[EventDate "2001.07.10"]

1. d4 d5 2. Nf3 Nf6 3. c4 c6 4. e3 e6 5. Be2 Nbd7 6. O-O Bd6 7. b3 Qe7 8. Bb2
b6 9. Nbd2 Bb7 10. Ne5 O-O 11. Ndf3 Rac8 12. Rc1 Ne4 13. Rc2 Rfd8 14. Qa1 f6
15. Nxd7 Qxd7 1/2-1/2

[Event "Trofeo Intel Pentium"]
[Site "Milano ITA"]
[Date "2001.07.10"]
[Round "1"]
[White "Borgo, Giulio"]
[Black "Cebalo, Miso"]
[Result "0-1"]
[WhiteElo "2428"]
[BlackElo "2476"]
[PlyCount "83"]
[EventDate "2001.07.10"]

1. c4 e5 2. Nc3 Nf6 3. Nf3 Nc6 4. e3 Bb4 5. Qc2 Bxc3 6. Qxc3 Qe7 7. Be2 O-O 8.
d3 d5 9. cxd5 Nxd5 10. Qb3 Be6 11. Qc2 Ndb4 12. Qb1 Qc5 13. O-O Qc2 14. Bd2
Qxb1 15. Raxb1 Bxa2 16. Rbc1 a5 17. Bxb4 axb4 18. Rc5 f6 19. Rb5 Ra7 20. Ra1
Rfa8 21. d4 Bf7 22. Rxa7 Rxa7 23. h3 exd4 24. Nxd4 Nxd4 25. exd4 b3 26. d5 Kf8
27. Bf3 Ke7 28. Rxb3 Kd6 29. Rd3 Ra5 30. b4 Rb5 31. Rd4 Bxd5 32. Be2 Rb6 33.
Bc4 c6 34. Bxd5 cxd5 35. f4 Rc6 36. Kf2 Rc4 37. Ke3 g5 38. g3 h5 39. h4 gxh4
40. gxh4 Rxd4 41. Kxd4 Ke6 42. b5 0-1

[Event "Trofeo Intel Pentium"]
[Site "Milano ITA"]
[Date "2001.07.10"]
[Round "1"]
[White "Lanzani, Mario"]
[Black "Laketic, Gojko"]
[Result "1-0"]
[WhiteElo "2380"]
[BlackElo "2444"]
[PlyCount "53"]
[EventDate "2001.07.10"]

1. d4 d5 2. c4 c6 3. Nf3 Nf6 4. Nc3 e6 5. Bg5 h6 6. Bxf6 Qxf6 7. e3 Nd7 8. Bd3
Bd6 9. O-O Qe7 10. e4 dxc4 11. Bxc4 e5 12. d5 O-O 13. h3 Rd8 14. Nh2 Nb6 15.
Bb3 Bb4 16. Qh5 Bxc3 17. bxc3 cxd5 18. exd5 Nxd5 19. Rad1 Be6 20. Qxe5 Qg5 21.
Qe4 Nxc3 22. Rxd8+ Qxd8 23. Qxb7 Nxa2 24. Bxe6 fxe6 25. Qb2 Qa5 26. Ra1 Rd8 27.
Nf1 1-0

[Event "Trofeo Intel Pentium"]
[Site "Milano ITA"]
[Date "2001.07.10"]
[Round "1"]
[White "Lazic, Miroljub"]
[Black "Valenti, Giuseppe"]
[Result "0-1"]
[WhiteElo "2465"]
[BlackElo "2201"]
[PlyCount "70"]
[EventDate "2001.07.10"]

1. g3 e6 2. Bg2 c5 3. Nf3 Nc6 4. O-O Nf6 5. d3 d5 6. Nbd2 Be7 7. e4 O-O 8. Re1
Rb8 9. e5 Nd7 10. c4 Nb4 11. Bf1 Nb6 12. a3 Nc6 13. Qe2 a5 14. Bg2 a4 15. Nf1
dxc4 16. dxc4 Nd4 17. Nxd4 Qxd4 18. Bf4 Qxc4 19. Qg4 Kh8 20. Rac1 Qb5 21. Be4
Nd5 22. Qh3 g6 23. Bxd5 exd5 24. e6 Ra8 25. Qh6 Bxe6 26. Be5+ f6 27. Bc3 Qd7
28. Re2 d4 29. Rce1 Ra6 30. Bd2 Kg8 31. Bf4 Rf7 32. Nd2 Bf8 33. Qh4 g5 34. Bxg5
fxg5 35. Qxg5+ Rg7 0-1

[Event "Trofeo Intel Pentium"]
[Site "Milano ITA"]
[Date "2001.07.10"]
[Round "1"]
[White "Qendro, Llambi"]
[Black "Drazic, Sinisa"]
[Result "0-1"]
[WhiteElo "2342"]
[BlackElo "2480"]
[PlyCount "164"]
[EventDate "2001.07.10"]

1. d4 Nf6 2. c4 e6 3. Nc3 Bb4 4. Qc2 O-O 5. a3 Bxc3+ 6. Qxc3 b6 7. Bg5 Bb7 8.
e3 d6 9. f3 Nbd7 10. Bd3 c5 11. Ne2 Re8 12. O-O Rc8 13. Qb3 Qc7 14. Rac1 Qb8
15. Bh4 cxd4 16. exd4 d5 17. Bg3 Qa8 18. Nc3 dxc4 19. Bxc4 a6 20. a4 Bc6 21.
Rfe1 Qb7 22. Bd3 h6 23. Rcd1 Red8 24. Bh4 Re8 25. Bg3 Rcd8 26. Qc4 Ra8 27. Qb3
Kh8 28. Be4 Nd5 29. Bxd5 Bxd5 30. Nxd5 exd5 31. Rxe8+ Rxe8 32. Rc1 Rc8 33.
Rxc8+ Qxc8 34. Qxd5 Qc1+ 35. Kf2 Qxb2+ 36. Ke1 Qa1+ 37. Kf2 Qxa4 38. Qa8+ Kh7
39. Qe4+ g6 40. Qd5 Qc2+ 41. Ke3 Qc3+ 42. Ke2 Qb2+ 43. Ke1 Qb1+ 44. Ke2 Qb5+
45. Qxb5 axb5 46. d5 Nf6 47. d6 Kg8 48. Bh4 Nd7 49. Kd3 f5 50. Kd4 Kf7 51. Kd5
b4 52. Be1 b3 53. Bc3 f4 54. Bb2 Nb8 55. Bd4 Ke8 56. Ke6 b5 57. Bb2 Nd7 58. Kd5
Kf7 59. Bd4 g5 60. Bb2 h5 61. h3 Nf8 62. Ba1 Nd7 63. Bb2 Nb8 64. Ba1 Ke8 65.
Ke6 Kd8 66. Bf6+ Kc8 67. Ke7 b4 68. Ke8 Nd7 69. Bd4 Nb8 70. Ba1 h4 71. Bf6 Nc6
72. d7+ Kc7 73. Be5+ Kb6 74. d8=Q+ Nxd8 75. Kxd8 Kc5 76. Ke7 Kc4 77. Kd6 Kd3
78. Kc5 Ke2 79. Kc4 Kf2 80. Kd3 Kxg2 81. Ke2 g4 82. hxg4 h3 0-1

[Event "Trofeo Intel Pentium"]
[Site "Milano ITA"]
[Date "2001.07.11"]
[Round "2"]
[White "Drazic, Sinisa"]
[Black "Bellia, Fabrizio"]
[Result "0-1"]
[WhiteElo "2480"]
[BlackElo "2401"]
[PlyCount "98"]
[EventDate "2001.07.10"]

1. e4 c5 2. Nf3 e6 3. c3 d5 4. e5 Nc6 5. d4 Qb6 6. a3 a5 7. a4 Bd7 8. Bb5 cxd4
9. cxd4 Nge7 10. Nc3 Nf5 11. Ne2 Bb4+ 12. Kf1 Be7 13. g3 Rc8 14. Kg2 h5 15. h3
Nb4 16. Nc3 Nc6 17. Be3 Na7 18. Bd3 Nxe3+ 19. fxe3 Qxb2+ 20. Ne2 Qb6 21. Rb1
Qc7 22. Qb3 Nc6 23. Rhc1 Rb8 24. e4 dxe4 25. Bxe4 O-O 26. Nf4 h4 27. gxh4 Qd8
28. Rg1 Nb4 29. Kh2 Bc6 30. Nxe6 fxe6 31. Qxe6+ Rf7 32. Bg6 Qf8 33. Ng5 Bxg5
34. Rbf1 Bd5 35. Bxf7+ Qxf7 36. Qxf7+ Bxf7 37. Rxg5 Rd8 38. h5 Bc4 39. h6 Bxf1
40. Rxg7+ Kh8 41. e6 Bc4 42. Rxb7 Bxe6 43. Ra7 Nc6 44. Ra6 Bd5 45. Kg3 Kh7 46.
Kf4 Kxh6 47. Rb6 Rf8+ 48. Ke3 Rb8 49. Ra6 Kg5 0-1

[Event "Trofeo Intel Pentium"]
[Site "Milano ITA"]
[Date "2001.07.11"]
[Round "2"]
[White "Godena, Michele"]
[Black "Lanzani, Mario"]
[Result "1-0"]
[WhiteElo "2491"]
[BlackElo "2380"]
[PlyCount "81"]
[EventDate "2001.07.10"]

1. e4 c5 2. Nf3 Nc6 3. Bb5 e6 4. Bxc6 bxc6 5. d3 f6 6. e5 fxe5 7. Nxe5 Qf6 8.
Qh5+ g6 9. Qe2 d6 10. Nc4 Qd8 11. Nc3 Nf6 12. Bg5 Be7 13. f4 O-O 14. O-O Ne8
15. Bxe7 Qxe7 16. Rae1 Ng7 17. g4 Bd7 18. Qg2 Kh8 19. Qg3 Rad8 20. f5 Bc8 21.
fxg6 e5 22. Ne4 d5 23. Nxe5 dxe4 24. Nf7+ Rxf7 25. gxf7 Rf8 26. Rxe4 Be6 27.
Qe5 Qd7 28. Qxc5 Qc8 29. h3 Bxf7 30. Ref4 Kg8 31. Qxa7 Qe6 32. a4 Ne8 33. a5
Nd6 34. Qd4 c5 35. Qf6 Qxf6 36. Rxf6 Rd8 37. a6 Bd5 38. a7 Kg7 39. R6f4 Ba8 40.
b4 Nb5 41. Rf7+ 1-0

[Event "Trofeo Intel Pentium"]
[Site "Milano ITA"]
[Date "2001.07.11"]
[Round "2"]
[White "Lazic, Miroljub"]
[Black "Qendro, Llambi"]
[Result "1-0"]
[WhiteElo "2465"]
[BlackElo "2342"]
[PlyCount "77"]
[EventDate "2001.07.10"]

1. e4 g6 2. d4 Bg7 3. Nc3 c6 4. Be3 d5 5. f3 Qb6 6. Rb1 dxe4 7. fxe4 Nf6 8. Nf3
O-O 9. h3 Nh5 10. Bf2 Qc7 11. e5 Nf4 12. Qd2 Nd5 13. Bc4 Be6 14. O-O b5 15.
Bxd5 Bxd5 16. Be3 Nd7 17. Bh6 f6 18. Bxg7 Kxg7 19. Nxd5 cxd5 20. Qb4 Nb6 21.
Qxb5 Qxc2 22. Rbc1 Qa4 23. Qxa4 Nxa4 24. Rc7 Nxb2 25. Rxe7+ Kg8 26. Rb1 Rab8
27. Rxa7 fxe5 28. dxe5 Nd3 29. Rxb8 Rxb8 30. e6 Re8 31. Nd4 Nf4 32. Ra6 Kg7 33.
a4 Kf6 34. a5 Ke5 35. Nf3+ Ke4 36. Rb6 Ke3 37. a6 Nxe6 38. a7 Nc7 39. Rb8 1-0

[Event "Trofeo Intel Pentium"]
[Site "Milano ITA"]
[Date "2001.07.11"]
[Round "2"]
[White "Valenti, Giuseppe"]
[Black "Cebalo, Miso"]
[Result "0-1"]
[WhiteElo "2201"]
[BlackElo "2476"]
[PlyCount "70"]
[EventDate "2001.07.10"]

1. e4 c5 2. Nf3 Nc6 3. d4 cxd4 4. Nxd4 Nf6 5. Nc3 g6 6. Be3 Bg7 7. Bc4 O-O 8.
Bb3 d6 9. f3 Bd7 10. Qd2 Nxd4 11. Bxd4 b5 12. O-O a5 13. a4 b4 14. Nd5 Nxd5 15.
Bxd5 Bxd4+ 16. Qxd4 Rc8 17. Rf2 Rc5 18. f4 Qc8 19. Qd3 Be6 20. Re1 f6 21. Ree2
Kg7 22. f5 Bf7 23. h3 Qd7 24. Bb3 Re5 25. Kh2 Bxb3 26. cxb3 Rc8 27. Rc2 Rxc2
28. Qxc2 d5 29. exd5 gxf5 30. Qd3 Rxd5 31. Qg3+ Kf7 32. Qh4 Qd6+ 33. Rf4 Ke8
34. Qg3 Rd3 35. Qf2 Rxb3 0-1

[Event "Trofeo Intel Pentium"]
[Site "Milano ITA"]
[Date "2001.07.12"]
[Round "3"]
[White "Bellia, Fabrizio"]
[Black "Lazic, Miroljub"]
[Result "0-1"]
[WhiteElo "2401"]
[BlackElo "2465"]
[PlyCount "66"]
[EventDate "2001.07.10"]

1. e4 g6 2. d4 Bg7 3. c3 d6 4. Nf3 Nd7 5. Bc4 e6 6. Bg5 Ne7 7. Bb3 h6 8. Bc1
O-O 9. O-O b6 10. Re1 Bb7 11. Nbd2 Kh8 12. h3 Ng8 13. Nh2 e5 14. Nhf3 f5 15.
dxe5 dxe5 16. exf5 gxf5 17. Nc4 e4 18. Nd4 Nc5 19. Bc2 Qh4 20. b4 Rad8 21. bxc5
bxc5 22. Bb2 cxd4 23. cxd4 c5 24. d5 Bxb2 25. Nxb2 Rxd5 26. Qe2 Nf6 27. Bb3 Rd7
28. Be6 Rg7 29. Bxf5 Qg5 30. Bg4 h5 31. f4 Qg6 32. Be6 e3 33. Nc4 Qe4 0-1

[Event "Trofeo Intel Pentium"]
[Site "Milano ITA"]
[Date "2001.07.12"]
[Round "3"]
[White "Borgo, Giulio"]
[Black "Godena, Michele"]
[Result "1/2-1/2"]
[WhiteElo "2428"]
[BlackElo "2491"]
[PlyCount "58"]
[EventDate "2001.07.10"]

1. c4 e5 2. Nc3 Bb4 3. g3 Bxc3 4. bxc3 d6 5. Bg2 Ne7 6. d3 O-O 7. Nh3 Nbc6 8.
O-O Bd7 9. f4 Qc8 10. Nf2 Ng6 11. e3 Nce7 12. Qh5 f5 13. Re1 Bc6 14. Bf1 Qe8
15. Bd2 b6 16. Qd1 Rd8 17. d4 Ba8 18. Qh5 Kh8 19. Bd3 Qf7 20. Nh3 Nxf4 21. Nxf4
g6 22. Qh4 exf4 23. exf4 Rde8 24. Re3 Be4 25. Rae1 Ng8 26. Bxe4 fxe4 27. d5 Qf5
28. R3e2 Nf6 29. Be3 Kg8 1/2-1/2

[Event "Trofeo Intel Pentium"]
[Site "Milano ITA"]
[Date "2001.07.12"]
[Round "3"]
[White "Cebalo, Miso"]
[Black "Laketic, Gojko"]
[Result "1-0"]
[WhiteElo "2476"]
[BlackElo "2444"]
[PlyCount "115"]
[EventDate "2001.07.10"]

1. d4 d5 2. c4 c6 3. Nf3 Nf6 4. Nc3 e6 5. Bg5 h6 6. Bxf6 Qxf6 7. e3 Nd7 8. Bd3
Bd6 9. O-O Qe7 10. c5 Bc7 11. e4 dxe4 12. Nxe4 O-O 13. Re1 Rd8 14. Qc2 Nf8 15.
b4 Bd7 16. Rab1 Be8 17. a4 f6 18. Ng3 Qf7 19. Bc4 Kh8 20. Qb3 Bd7 21. b5 Rab8
22. b6 axb6 23. cxb6 Bxg3 24. hxg3 Qh5 25. Qb4 Ra8 26. Ra1 Qa5 27. Reb1 Rdc8
28. Nd2 Qxb4 29. Rxb4 c5 30. dxc5 Rxc5 31. Nb3 Rc6 32. a5 Rac8 33. a6 bxa6 34.
b7 Rb8 35. Rxa6 Rxa6 36. Bxa6 Bc6 37. Nc5 Kg8 38. Bc4 Kf7 39. Rb6 Bxb7 40. Nxb7
Ke7 41. g4 f5 42. gxf5 exf5 43. Kf1 Rc8 44. Na5 Rc5 45. Rb7+ Kd6 46. Rf7 Rxa5
47. Rxf8 Ke5 48. Ke2 Ra4 49. Bd3 g6 50. g3 h5 51. Ke3 Ke6 52. Rc8 Kf6 53. Rc6+
Kg7 54. Bc4 Ra7 55. Kf4 Kh6 56. Ke5 Kg5 57. f4+ Kh6 58. Kf6 1-0

[Event "Trofeo Intel Pentium"]
[Site "Milano ITA"]
[Date "2001.07.12"]
[Round "3"]
[White "Qendro, Llambi"]
[Black "Valenti, Giuseppe"]
[Result "1/2-1/2"]
[WhiteElo "2342"]
[BlackElo "2201"]
[PlyCount "98"]
[EventDate "2001.07.10"]

1. d4 Nf6 2. c4 e6 3. Nc3 Bb4 4. Qc2 O-O 5. a3 Bxc3+ 6. Qxc3 b6 7. Bg5 h6 8.
Bh4 Bb7 9. e3 d6 10. f3 Nbd7 11. Bd3 c5 12. Ne2 Rc8 13. Qb3 d5 14. O-O Re8 15.
Nc3 cxd4 16. exd4 dxc4 17. Bxc4 Nf8 18. Bb5 Bc6 19. Bxc6 Rxc6 20. Qa4 Qd7 21.
Bxf6 gxf6 22. Rad1 Rd6 23. Qc4 Rc8 24. Qd3 Kg7 25. f4 Rd8 26. Qg3+ Ng6 27. f5
exf5 28. d5 Qc8 29. Kh1 Qd7 30. Rd4 Re8 31. h4 h5 32. Qf3 Re5 33. Qxh5 f4 34.
Qf3 Re3 35. Qf2 Qe8 36. Kg1 Qe5 37. Rxf4 Nxf4 38. Qxf4 Qxf4 39. Rxf4 Rd3 40.
Kh2 Kg6 41. Rg4+ Kf5 42. Rg7 Rd8 43. h5 Rh8 44. g4+ Kf4 45. Ne2+ Kf3 46. Ng1+
Kf4 47. Nh3+ Kf3 48. Ng1+ Kf4 49. Nh3+ Kf3 1/2-1/2

[Event "Trofeo Intel Pentium"]
[Site "Milano ITA"]
[Date "2001.07.13"]
[Round "4"]
[White "Drazic, Sinisa"]
[Black "Borgo, Giulio"]
[Result "1-0"]
[WhiteElo "2480"]
[BlackElo "2428"]
[PlyCount "69"]
[EventDate "2001.07.10"]

1. e3 c5 2. Nf3 Nf6 3. b3 b6 4. Bb2 e6 5. d4 Bb7 6. Nbd2 Be7 7. Bd3 O-O 8. O-O
d6 9. a3 Nbd7 10. Qe2 a6 11. c4 Re8 12. Rfd1 Qc7 13. a4 cxd4 14. Nxd4 Ne5 15.
Bb1 Rac8 16. f4 Nc6 17. N4f3 d5 18. cxd5 Nxd5 19. Nc4 Ncb4 20. Ng5 Bxg5 21.
fxg5 e5 22. Bf5 Rcd8 23. Rac1 Qe7 24. h4 Na2 25. Rc2 Qb4 26. Rd3 b5 27. axb5
axb5 28. Nxe5 Qxh4 29. Nf3 Qg3 30. Rd4 Nxe3 31. Qxe3 Bxf3 32. Rxd8 Rxd8 33. Rd2
Rf8 34. Rf2 Nb4 35. Rxf3 1-0

[Event "Trofeo Intel Pentium"]
[Site "Milano ITA"]
[Date "2001.07.13"]
[Round "4"]
[White "Godena, Michele"]
[Black "Cebalo, Miso"]
[Result "0-1"]
[WhiteElo "2491"]
[BlackElo "2476"]
[PlyCount "78"]
[EventDate "2001.07.10"]

1. e4 c5 2. b3 b6 3. Bb2 Bb7 4. Nc3 e6 5. Qf3 Nf6 6. O-O-O a6 7. Re1 d6 8. Qg3
b5 9. f3 Nbd7 10. Nh3 Qc7 11. Nf2 c4 12. Kb1 Rc8 13. Ka1 g6 14. bxc4 bxc4 15.
Nfd1 Bg7 16. Ne3 Nb6 17. h4 h5 18. Qg5 O-O 19. Ncd5 Nfxd5 20. Bxg7 Kxg7 21.
exd5 Bxd5 22. c3 Qc5 23. Ng4 hxg4 24. h5 Be4 25. h6+ Kh7 26. Qf6 Qe5 27. Qxe5
dxe5 28. Rxe4 Rfd8 29. Re2 gxf3 30. gxf3 Na4 31. Rf2 g5 32. Rg2 f6 33. Rg4 Rxd2
34. Bxc4 f5 35. Bxe6 fxg4 36. Bxc8 Nxc3 37. Bf5+ Kh8 38. Be6 gxf3 39. Rc1 Rd1
0-1

[Event "Trofeo Intel Pentium"]
[Site "Milano ITA"]
[Date "2001.07.13"]
[Round "4"]
[White "Qendro, Llambi"]
[Black "Bellia, Fabrizio"]
[Result "1/2-1/2"]
[WhiteElo "2342"]
[BlackElo "2401"]
[PlyCount "29"]
[EventDate "2001.07.10"]

1. d4 Nf6 2. c4 e6 3. Nc3 Bb4 4. Qc2 O-O 5. a3 Bxc3+ 6. Qxc3 b6 7. Bg5 Bb7 8.
e3 d6 9. Nf3 Nbd7 10. Be2 c5 11. Rc1 Rc8 12. O-O Ne4 13. Bxd8 Nxc3 14. Rxc3
Rfxd8 15. Rd1 1/2-1/2

[Event "Trofeo Intel Pentium"]
[Site "Milano ITA"]
[Date "2001.07.14"]
[Round "5"]
[White "Borgo, Giulio"]
[Black "Lazic, Miroljub"]
[Result "0-1"]
[WhiteElo "2428"]
[BlackElo "2465"]
[PlyCount "106"]
[EventDate "2001.07.10"]

1. Nf3 d6 2. c4 e5 3. d4 Nd7 4. g3 g6 5. Nc3 Bg7 6. Bg2 Ne7 7. e4 Nc6 8. Be3
exd4 9. Nxd4 Nde5 10. b3 Ng4 11. O-O Nxe3 12. fxe3 Ne5 13. h3 O-O 14. Kh2 c6
15. Qd2 a6 16. a4 a5 17. Rad1 Nd7 18. Nf3 Qb6 19. Qc2 Nc5 20. Nd4 Bd7 21. Nce2
Rae8 22. Nf4 Bc8 23. Rd2 Re7 24. Nfe2 Rfe8 25. Nc3 Be5 26. Qd1 h5 27. h4 Bg7
28. Bf3 Qc7 29. Nde2 Be5 30. Rd4 Qd7 31. Ng1 Qe6 32. Kg2 Qd7 33. Rf2 Qc7 34.
Nge2 Qb6 35. Nc1 Nd7 36. N1e2 Nf6 37. Rxd6 Bxd6 38. Qxd6 Nd7 39. Nd4 Qb4 40.
Qxb4 axb4 41. Na2 Nf6 42. Nxb4 c5 43. Nd5 Nxd5 44. exd5 cxd4 45. exd4 Bg4 46.
Bxg4 hxg4 47. d6 Re4 48. Rd2 Re2+ 49. Rxe2 Rxe2+ 50. Kf1 Re4 51. d5 Kf8 52. c5
Ke8 53. Kf2 Kd7 0-1

[Event "Trofeo Intel Pentium"]
[Site "Milano ITA"]
[Date "2001.07.14"]
[Round "5"]
[White "Cebalo, Miso"]
[Black "Drazic, Sinisa"]
[Result "1-0"]
[WhiteElo "2476"]
[BlackElo "2480"]
[PlyCount "165"]
[EventDate "2001.07.10"]

1. d4 d5 2. c4 e6 3. Nf3 a6 4. cxd5 exd5 5. Nc3 c6 6. Bf4 Nd7 7. e3 Ne7 8. Bd3
Ng6 9. Bg3 Nf6 10. h3 c5 11. dxc5 Bxc5 12. O-O O-O 13. Rc1 Ba7 14. Qb3 Qa5 15.
Ne2 Bb8 16. Bxb8 Rxb8 17. Bxg6 hxg6 18. Ned4 Bd7 19. Ne5 Rfd8 20. Rc3 Be8 21.
f3 Rd6 22. Qc2 Bb5 23. Rc1 Re8 24. Ng4 Nh5 25. a3 Bd7 26. Qb3 Rb6 27. Qa2 Bxg4
28. hxg4 Nf6 29. R1c2 Qa4 30. b4 a5 31. g5 axb4 32. axb4 Qxa2 33. Rxa2 Nh7 34.
f4 Rxb4 35. Ra5 Rb1+ 36. Kf2 Rb2+ 37. Kf3 f6 38. Rxd5 fxg5 39. fxg5 Rf8+ 40.
Kg3 Re8 41. Nf3 Rb6 42. Rc7 Nf8 43. Re5 Ree6 44. Rxe6 Rxe6 45. Kf4 Rb6 46. Nd4
Rb2 47. g3 Rf2+ 48. Ke5 Rf7 49. Kd6 Nh7 50. Rc5 Nf8 51. Rc7 Nh7 52. Rc8+ Rf8
53. Rxf8+ Kxf8 54. Ne6+ Kf7 55. Nd8+ Ke8 56. Nxb7 Nxg5 57. Nc5 Kf7 58. e4 Kf6
59. Nd7+ Kf7 60. Kd5 Ne6 61. e5 Ke7 62. Nc5 Nc7+ 63. Ke4 Nb5 64. g4 Nc3+ 65.
Ke3 Nd5+ 66. Kd4 Nb4 67. Nd3 Nc2+ 68. Ke4 Kf7 69. Nf4 g5 70. Ne2 Nb4 71. Nd4
Kg6 72. Nf3 Nc2 73. Nd4 Nb4 74. Ne6 Nc2 75. Nc7 Nb4 76. Nd5 Na6 77. e6 Nc5+ 78.
Ke5 Nb7 79. Nc3 Na5 80. Ne4 Nc4+ 81. Kd4 Nb2 82. Kd5 Na4 83. Kc6 1-0

[Event "Trofeo Intel Pentium"]
[Site "Milano ITA"]
[Date "2001.07.14"]
[Round "5"]
[White "Lanzani, Mario"]
[Black "Qendro, Llambi"]
[Result "1/2-1/2"]
[WhiteElo "2380"]
[BlackElo "2342"]
[PlyCount "87"]
[EventDate "2001.07.10"]

1. d4 g6 2. c4 Bg7 3. e4 d6 4. Nc3 e5 5. dxe5 Bxe5 6. Be3 Bxc3+ 7. bxc3 Qe7 8.
Bd3 Nf6 9. f3 Nc6 10. Ne2 Ne5 11. O-O Be6 12. Nd4 c5 13. Nxe6 Qxe6 14. Be2 O-O
15. Qb3 b6 16. Rfd1 Nc6 17. Rd2 Na5 18. Qd1 Rad8 19. Bg5 Kg7 20. Rc1 Rd7 21. g3
h6 22. Bxf6+ Kxf6 23. Rd5 Kg7 24. Qd2 Nc6 25. Rd1 Rfd8 26. Qc2 Ne7 27. R5d2 f5
28. Bf1 fxe4 29. Qxe4 Qxe4 30. fxe4 Nc6 31. Bh3 Re7 32. Rxd6 Rxd6 33. Rxd6 Na5
34. Bf1 Rxe4 35. Bd3 Re1+ 36. Kf2 Ra1 37. Rxg6+ Kf7 38. Rxh6 Rxa2+ 39. Ke3 Ra3
40. Kd2 Ra2+ 41. Kd1 Nb3 42. Bc2 Ra1+ 43. Ke2 Ra2 44. Kd1 1/2-1/2

[Event "Trofeo Intel Pentium"]
[Site "Milano ITA"]
[Date "2001.07.15"]
[Round "6"]
[White "Drazic, Sinisa"]
[Black "Laketic, Gojko"]
[Result "1/2-1/2"]
[WhiteElo "2480"]
[BlackElo "2444"]
[PlyCount "35"]
[EventDate "2001.07.10"]

1. f4 b6 2. c4 Bb7 3. Nc3 g6 4. Nf3 Bg7 5. e3 f5 6. Be2 Nf6 7. O-O O-O 8. Rb1
Ne4 9. Nxe4 fxe4 10. Ng5 e5 11. Nh3 exf4 12. Nxf4 Nc6 13. b4 Ne5 14. Bb2 a5 15.
a3 axb4 16. axb4 Ra2 17. Qb3 Qa8 18. Kh1 1/2-1/2

[Event "Trofeo Intel Pentium"]
[Site "Milano ITA"]
[Date "2001.07.15"]
[Round "6"]
[White "Lazic, Miroljub"]
[Black "Cebalo, Miso"]
[Result "0-1"]
[WhiteElo "2465"]
[BlackElo "2476"]
[PlyCount "80"]
[EventDate "2001.07.10"]

1. d4 Nf6 2. c3 b6 3. Bg5 Bb7 4. Nd2 e6 5. e4 h6 6. Bxf6 Qxf6 7. Bd3 c5 8. Ngf3
cxd4 9. cxd4 Nc6 10. e5 Qd8 11. a3 d6 12. d5 exd5 13. Qe2 Be7 14. e6 O-O 15.
exf7+ Rxf7 16. Qe6 Qc8 17. Qg6 Rf6 18. Qh7+ Kf7 19. Rc1 Qh8 20. Qxh8 Rxh8 21.
Bb5 Rc8 22. O-O Bd8 23. Bxc6 Rxc6 24. Nd4 Rxc1 25. Rxc1 Ke8 26. Nc6 Bxc6 27.
Rxc6 Kd7 28. Rc2 Rf4 29. Kf1 Ra4 30. Ke2 Bf6 31. f3 b5 32. Kd3 Rd4+ 33. Ke2 a5
34. g3 a4 35. Ke3 Rc4 36. Kd3 Kc6 37. b3 axb3 38. Nxb3 Kb6 39. f4 Ra4 40. Ra2
b4 0-1